000 00758nam a2200229Ia 4500
008 130821s2001 sp gr spa
020 _a8420633526
040 _aCo-BoUCM
_bspa
041 0 0 _aspa
100 1 _aKafka, Franz
_d1883-1924.
_9692
245 1 3 _aLa condena
_cFranz Kafka; traducción de J.R. Wilcock
260 _aMadrid (España)
_bAlianza Editorial
_c2001
300 _a236 páginas
490 _aBiblioteca de Autor
_v0556.
650 0 4 _aLiteratura checoslovaca
_918624
650 0 4 _aLiteratura europea
_926524
650 0 4 _aNovela checoslovaca
_920480
700 1 _aWilcock, J.R.
_etrad.
_9159509
765 1 0 _aErzablungen und kleine prosa.
942 _cLIBRO
_a18
_e1
_mK118co
_2DEWEY
_h891.865
_n0
999 _c44746
_d44746